00642 2200217 4500001002100000005001500021035002000036007000300056008004100059020002200100082001600122084002200138100001700160245004000177250002000217260008500237300003600322650002200358600002600380856001800406INLIS00000000000011520250710124439 a0010-0725000115ta250710 a 0 ind  a978-623-118-781-9 a398.209 598 a398.209 598 ABQ b0 aAbqary, Iwok1 aBolehkah Aku Berbeda /cIwok Abqary aCetakan Pertama aJakarta Timur :bKementerian Pendidikan, Kebudayaan, Riset, dan Teknologi,c2023 a36 hlm :bilus. ;c21 x 29,7 cm 4aKesusastraan Anak 4aCerita anak-Indonesia aTBM AS SUHADA